000 00591nam a22002297a 4500
003 UA-OsUOA
001 96854
007 ta
008 20130322b un ||||| |||| 00| 0 ukr d
100 _aМатавуль С.
090 _a821.163.41
_bМ33
942 _cBK
040 _aUA-OsUOA
_brus
_cUA-OsUOA
_dUA-OsUOA
245 _aПоследние рицари
_bизбранная проза
300 _a445 с.
955 _a3
041 _arus
080 _a821.163.41
260 _aМ.
_bХудожественная литература
_c1972
650 7 _2UDC
999 _c383108
_d383108